000 00757cam a22002533a 4500
001 21551
003 PGUSA
005 20140828083447.0
008 070521s2007||||xxu|||||s|||||000 1 eng d
040 _aPGUSA
_beng
042 _adc
050 4 _aPZ
100 1 _aMarryat, Frederick,
_d1792-1848
245 1 4 _aThe Little Savage
_h[electronic resource] /
_cFrederick Marryat
260 _bProject Gutenberg,
_c2007
506 _aPublic domain in the USA.
516 _aElectronic text
653 _aShipwreck survival -- Juvenile fiction
653 _aMissionaries -- Juvenile fiction
653 _aIslands of the Pacific -- Juvenile fiction
830 0 _aProject Gutenberg
_v21551
856 4 0 _uhttp://www.gutenberg.org/ebooks/21551
942 _cEB
999 _c250806
_d250806